000 00716nam a2200253 i 4500
001 C2-0238406
003 PPAK
005 20180727201531.0
008 020416s2001 my a|||| ||||| | may d
020 _a9836265813
040 _aPPAK
_beng
_cPPAK
_erda
082 0 4 _a573.79
_223
090 0 0 _a573.79
_bTAY
_dRK
100 1 _aTaylor, David,
_eauthor
245 1 0 _aBuku haiwan yang pantas dan perlahan
264 1 _aKuala Lumpur :
_bDewan Bahasa dan Pustaka ,
_c2001
300 _a32 pages :
_bcolour illustrations ;
_c29 cm
336 _2rdacontent
_atext
337 _2rdamedia
_aunmediated
338 _2rdacarrier
_avolume
500 _aMengandungi indeks
650 1 0 _aAnimal locomation
942 _ddc
_cB
999 _c53804
_d53804